Land law and conveyancing in Kenya (Record no. 44201)
[ view plain ]
| 000 -LEADER | |
|---|---|
| fixed length control field | 00549 a2200181 4500 |
| 008 - FIXED-LENGTH DATA ELEMENTS--GENERAL INFORMATION | |
| fixed length control field | 150223b xxu||||| |||| 00| 0 eng d |
| 020 ## - INTERNATIONAL STANDARD BOOK NUMBER | |
| International Standard Book Number | 9966723773 |
| 050 ## - LIBRARY OF CONGRESS CALL NUMBER | |
| Classification number | KSK658 |
| Item number | .O58 2008 |
| 100 ## - MAIN ENTRY--PERSONAL NAME | |
| Personal name | Onalo, P. L. |
| 245 ## - TITLE STATEMENT | |
| Title | Land law and conveyancing in Kenya |
| Statement of responsibility, etc | P. L. Onalo. |
| 260 ## - PUBLICATION, DISTRIBUTION, ETC. (IMPRINT) | |
| Date of publication, distribution, etc | 2008 |
| Name of publisher, distributor, etc | LawAfrica Publishing(K) Ltd. |
| Place of publication, distribution, etc | Nairobi |
| 300 ## - PHYSICAL DESCRIPTION | |
| Extent | xviii, 319p. |
| Dimensions | 27cm. |
| 440 ## - SERIES STATEMENT/ADDED ENTRY--TITLE | |
| Title | LawAfrica series |
| 500 ## - GENERAL NOTE | |
| General note | Includes bibliographical references |
| 650 ## - SUBJECT ADDED ENTRY--TOPICAL TERM | |
| Topical term or geographic name as entry element | Real property |
| Geographic subdivision | Kenya. |
| 650 ## - SUBJECT ADDED ENTRY--TOPICAL TERM | |
| Topical term or geographic name as entry element | Conveyancing |
| Geographic subdivision | Kenya. |
| 942 ## - ADDED ENTRY ELEMENTS (KOHA) | |
| Item type | Book |
| Source of classification or shelving scheme | Library of Congress Classification |
| Withdrawn status | Lost status | Source of classification or shelving scheme | Damaged status | Not for loan | Collection code | Home library | Current library | Shelving location | Date acquired | Source of acquisition | Cost, normal purchase price | Total Checkouts | Full call number | Barcode | Date last borrowed | Copy number | Price effective from | Koha item type | Date last seen |
|---|---|---|---|---|---|---|---|---|---|---|---|---|---|---|---|---|---|---|---|
| Library of Congress Classification | Non-fiction | Bishop Okullu Memorial Library (Limuru Campus) | Bishop Okullu Memorial Library (Limuru Campus) | General Circulation | 23/02/2015 | Purchase | 2.00 | 2 | KSK658 .O58 2008 | 042707 | 19/08/2020 | 1 | 23/02/2015 | Book | |||||
| Library of Congress Classification | Non-fiction | Bishop Okullu Memorial Library (Limuru Campus) | Bishop Okullu Memorial Library (Limuru Campus) | General Circulation | 23/02/2015 | Purchase | 2.00 | 2 | KSK658 .O58 2008 | 042708 | 31/01/2024 | 2 | 23/02/2015 | Book | 07/02/2024 | ||||
| Library of Congress Classification | Non-fiction | Nairobi Campus | Nairobi Campus | General Circulation | 23/02/2015 | Purchase | 2.00 | KSK658 .O58 2008 | 042709 | 3 | 23/02/2015 | Book | |||||||
| Library of Congress Classification | Non-fiction | Nairobi Campus | Nairobi Campus | General Circulation | 23/02/2015 | Purchase | 2.00 | KSK658 .O58 2008 | 042710 | 4 | 23/02/2015 | Book |